000 00771 a2200217 4500
003 UA-OsUOA
005 20260330105016.0
008 260304b un ||||| |||| 00| 0 ukr d
020 _a9789668924958
040 _bukr
_cUA-OsUOA
080 _a82.09(477)
090 _a82.09(477)
_bС16
100 _aСалига Т.
_923358
245 _aРозкуймося, братаймося
_cТарас Салига
260 _aУжгород
_bГражда
_c2009
300 _a160 с.
650 _a82.09 Літературна критика. Літературні дослідження
_91582
942 _cBK
_2udc
955 _a1
999 _c579971
_d579971